01491nam a2200277 a 450000100100000000500170001000800410002702000180006804000250008608200150011124501850012626001440031130000280045549000420048350000730052550400320059850503440063070000260097470000250100070000340102570000210105970000350108070000280111570000280114383000420117100004811120240305132040.0181115s2016 dr a 000 0 spa d a9789945879056 aDO-SdBNPbspacBNPHU axxxxbxxxx00aEmpleo y mercado de trabajo en la República Dominicana (1991-2013) /cJaime Aristy Escuder ... [et al.] ; introducción Ramonina Brea del Castillo ; edición; Brennedy Acevedo. aSanto Domingo :bPontificia Universidad Católica Madre y Maestra,bCentro Universitario de Estudios Políticos y Sociales, CUEPS,c2016. a253 p. :bil. ;c23 cm.1 aCiudadanía y políticas públicas aIncluye referencias bibliográficas y notas al pie de las páginas aBibliografía : p. 241-2420 aMedición de los indicadores del mercado laboral: una revisión crítica --tDinámica y tendencias del desempleo --tEstructura productiva, empleo y productividad --tLa cuestión del empleo (desempleo) y la insuficiencia de la demanda (2000-2013) --tLa fuerza de trabajo haitiano: características, penetración y remuneración.1 aAristy-Escuder, Jaime1 aCeara-Hatton, Miguel1 aFrancos Rodríguez, Martín1 aLizardo, Jefrey,1 aRamírez de León, Francisco1 aBrea, Ramoninaeintrod.1 aAcevedo, Brennedy,eed. 0aCiudadanía y políticas públicas